|
|
|
|
| LEADER |
00000nam0a2200000 4500 |
| 001 |
305555 |
| 005 |
20231102001818.0 |
| 010 |
|
|
|a 9785170815784
|
| 035 |
|
|
|a (RuTPU)RU\TPU\book\330827
|
| 090 |
|
|
|a 305555
|
| 100 |
|
|
|a 20150928d2015 m y0rusy50 ca
|
| 101 |
1 |
|
|a rus
|c pol
|
| 102 |
|
|
|a RU
|
| 105 |
|
|
|a y z 000ay
|
| 200 |
1 |
|
|a Кровь эльфов
|e фантастический роман
|e пер. с польск.
|f А. Сапковский
|
| 210 |
|
|
|a Москва
|c АСТ
|d 2015
|
| 215 |
|
|
|a 319 с.
|
| 225 |
1 |
|
|a Ведьмак
|
| 330 |
|
|
|a Ведьмак — это мастер меча и мэтр волшебства, ведущий непрерывную войну с кровожадными монстрами, которые угрожают покою сказочной страны. «Ведьмак» — это мир на острие меча, ошеломляющее действие, незабываемые ситуации, великолепные боевые сцены.
|
| 606 |
1 |
|
|a Польская литература
|2 stltpush
|3 (RuTPU)RU\TPU\subj\50785
|9 69434
|
| 610 |
1 |
|
|a фантастика
|
| 610 |
1 |
|
|a романы
|
| 675 |
|
|
|a 884
|v 4
|
| 700 |
|
1 |
|a Сапковский
|b А.
|g Анджей
|
| 801 |
|
1 |
|a RU
|b 63413507
|c 20150928
|
| 801 |
|
2 |
|a RU
|b 63413507
|c 20151120
|g RCR
|
| 942 |
|
|
|c BK
|
| 959 |
|
|
|a 122/20150924
|d 1
|e 304,00
|f ХФ:1
|